000 00679nam a2200289Ia 4500
005 20260324143532.0
008 008 260324s9999 xx 000 0 eng d
020 _a9781315463933
037 _aEBOOK
040 _aCRL
040 _beng
040 _cCRL
041 _2eng
041 _aeng
084 _qCRL
100 _aJohn Hyman
_91215988
245 0 _aInvestigating Psychology
245 0 _bSciences of the Mind After Wittgenstein
260 _bTaylor and Francis
260 _c1991
365 _a
365 _b230
856 _uhttp://www.taylorfrancis.com/books/9781315463933
942 _cEBOOK
999 _c1821510
_d1821510